| 000 | 00341nam a22001337a 4500 | ||
|---|---|---|---|
| 008 | 160512b xxu||||| |||| 00| 0 eng d | ||
| 020 | _a9780781782302 | ||
| 020 | _a0781782309 | ||
| 020 | _a9780781782302 | ||
| 041 | _aeng | ||
| 080 | _a616.12 | ||
| 245 |
_aECG Workout exercises in arrhythmia interpretation : _cJane Huff; |
||
| 942 |
_2udc _cBK |
||
| 999 |
_c2124 _d2124 |
||